000
00235nam a2200097Ia 4500
001
793603
005
20250826170652.0
008
250824s9999 xx 000 0 und d
245
0
_a
GÜNDÜZ SEFASI
_c
SARAH JIO
260
_b
ARKADYA YAYINLARI
999
_c
793603
_d
793603